[Event "LIB-chT"]
[Site "Beirut"]
[Date "2017.09.10"]
[Round "5.4"]
[White "Ghassan, Houmsi"]
[Black "Alshaar, Nabil"]
[Result "1/2-1/2"]
[WhiteElo "1863"]
[BlackElo "2065"]
[PlyCount "72"]
[EventDate "2017.09.06"]
[EventType "team"]
[EventRounds "9"]
[EventCountry "LBN"]
[SourceTitle "CBM 180 Extra"]
[Source "ChessBase"]
[SourceDate "2017.10.06"]
[SourceVersion "1"]
[SourceVersionDate "2017.10.06"]
[SourceQuality "1"]
[WhiteTeam "Tanmieah"]
[BlackTeam "Ansar"]
[WhiteTeamCountry "LBN"]
[BlackTeamCountry "LBN"]

1. e4 e5 2. Nf3 Nc6 3. Bc4 Bc5 4. 0-0 d6 5. h3 Nge7 6. c3 Ng6 7. d4 exd4 8. cxd4 Bb6 9. Bg5 Nce7 10. Nc3 h6 11. Be3 0-0 12. Qd2 Kh7 13. Rad1 c6 14. Rfe1 d5 15. exd5 cxd5 16. Bd3 Bf5 17. g4 Bxd3 18. Qxd3 Kh8 19. Kg2 Ba5 20. Rh1 Bxc3 21. bxc3 Qd7 22. Ne5 Nxe5 23. dxe5 Rad8 24. Bd4 Ng6 25. Qe3 Rde8 26. e6 Nh4+ 27. Kg3 Rxe6 28. Qf4 Kh7 29. Bxg7 Kxg7 30. Kxh4 Qe7+ 31. Kg3 Re4 32. Qd2 Rd8 33. Rhe1 Rc8 34. Rxe4 Qxe4 35. Re1 Qc4 36. Re3 Rc6 1/2-1/2

[Event "Beirut op 8th"]
[Site "Beirut"]
[Date "2015.09.21"]
[Round "3"]
[White "Alshaar, Nabil"]
[Black "Oknayan, Jirair"]
[Result "1/2-1/2"]
[WhiteElo "2074"]
[BlackElo "1967"]
[PlyCount "84"]
[EventDate "2015.09.19"]
[EventType "swiss"]
[EventRounds "9"]
[EventCountry "LBN"]
[SourceTitle "EXT 2016"]
[Source "ChessBase"]
[SourceDate "2015.10.08"]
[SourceVersion "1"]
[SourceVersionDate "2015.10.08"]
[SourceQuality "1"]

1. e4 e6 2. d4 d5 3. exd5 exd5 4. Bd3 Bd6 5. Ne2 Nf6 6. Bf4 Bxf4 7. Nxf4 Qd6 8. Qd2 0-0 9. 0-0 Nc6 10. c3 Ne7 11. Ne2 Bf5 12. Ng3 Bxd3 13. Qxd3 Rfe8 14. Nd2 Ng6 15. Rfe1 c6 16. Nf3 Qf4 17. Qf5 Ne4 18. Qxf4 Nxf4 19. Nxe4 dxe4 20. Nd2 f5 21. Nc4 Nd3 22. Re2 Rad8 23. Rd1 g6 24. g3 c5 25. Na5 cxd4 26. Nxb7 Rb8 27. cxd4 Nxf2 28. Kxf2 Rxb7 29. Rc2 Kf7 30. Ke3 Rd8 31. Rdc1 Rdd7 32. b3 Ke6 33. Rc6+ Rd6 34. R1c5 Rbd7 35. b4 Rxc6 36. Rxc6+ Rd6 37. b5 Rxc6 38. bxc6 h6 39. h4 Ke7 40. g4 fxg4 41. Kxe4 Kd6 42. d5 h5 1/2-1/2